000 00495nam a22001697a 4500
003 OSt
005 20221026211145.0
008 221021b |||||||| |||| 00| 0 eng d
020 _a978-99924-841-8-0
040 _cBiblioteca LadoV
082 _a700.74
_bF981bie
110 _9176
_aFundación Ortiz-Gurdian
245 _aVI Bienal de artes Visuales Nicaragua,/
260 _aNicaragua
_bInpasa
_c2008
300 _a124p.
_c25x22cm
942 _2ddc
_c1
_h700.74
_iF981bie
_n0
999 _c2365
_d2365